| 000 | 01236cam a22003375i 4500 | ||
|---|---|---|---|
| 999 |
_c17828 _d17800 |
||
| 003 | EG-ScBUE | ||
| 005 | 20210127115035.0 | ||
| 008 | 130207s2012 ua g 000 f ara d | ||
| 017 | _a2012 / 7463 | ||
| 020 | _a9789770931318 | ||
| 040 |
_aEG-ScBUE _bara _erda _cEG-ScBUE _dEG-ScBUE |
||
| 041 | 1 |
_aara _heng |
|
| 082 | 0 | 4 |
_a823.92 _bم ط ر _222 |
| 100 | 1 |
_aمطر، هشام، _d1970- _eمؤلف. |
|
| 240 | 1 | 0 |
_aAnatomy of a disappearance. _lArabic |
| 245 | 1 | 0 |
_aاختفاء / _cهشام مطر ؛ ترجمة محمد عبد النبي. |
| 246 | 3 | 4 |
_aاختفاء : _bرواية |
| 250 | _aالطبعة العربية الأولى. | ||
| 264 | 1 |
_aالقاهرة : _bدار الشروق، _c2012. |
|
| 300 |
_a250 صفحة ؛ _c20 سم |
||
| 336 |
_aنص _btxt _2rdacontent |
||
| 337 |
_aبدون وسيط _bn _2rdamedia |
||
| 338 |
_aمجلد _bnc _2rdacarrier |
||
| 546 | _aالنص باللغة العربية ؛ مترجم من اللغة الإنجليزية. | ||
| 650 | 7 |
_aالقصص الإنجليزية. _2BUEsh |
|
| 651 | _2BUEsh | ||
| 653 |
_bARALIT _bGGEN _cDecember2013 |
||
| 655 | _aالقصص الإنجليزية المترجمة | ||
| 700 | 1 |
_aعبد النبي، محمد، _eمترجم. |
|
| 942 |
_2ddc _cBB |
||